| 000 | 00530nam a22001697a 4500 | ||
|---|---|---|---|
| 999 |
_c60700 _d60700 |
||
| 005 | 20231011095959.0 | ||
| 008 | 231010s2000 enk||||| |||| 00| 0 eng d | ||
| 020 | _a9759551500 | ||
| 041 | _aeng | ||
| 080 | _a94(560) C-58 | ||
| 100 |
_aÇilingiroğlu, Altan _920052 |
||
| 245 |
_aThe History of the Kingdom of Van, Urartu / _cAltan Çilingiroğlu. |
||
| 264 |
_aIzmir, _c1988. |
||
| 300 |
_a55 p.: _bill.; _c24 cm. |
||
| 653 | _aვანის სამეფოს ისტორია, ურარტუ | ||
| 942 |
_2udc _cBK |
||